[Event "AUTO-INT-3944"]
[Site "http://www.queenalice.com/game.php?id=1862984"]
[Date "2025.9.13"]
[Round "1"]
[White "Anusha"]
[Black "nuzera"]
[Result "1-0"]
[WhiteElo "1892"]
[BlackElo "1396"]

1. c4 Nc6 2. g3 e6 3. Bg2 Nd4 4. Nc3 c5 5. d3 Qe7 6. Nf3 e5 7. O-O Nxf3+ 8. Bxf3
d6 9. a3 a5 10. Rb1 h5 11. h4 g5 12. Bxg5 f6 13. Bd2 Bd7 14. Bxb7 Ra7 15. Bg2 a4
16. e3 Qf7 17. b4 Be7 18. b5 Bf5 19. Be1 Qg6 20. Ne4 Bxe4 21. Bxe4 f5 22. Bc6+
Kf8 23. b6 Ra8 24. Bxa8 Bxh4 25. Bg2 Bxg3 26. fxg3 Qe8 27. Rxf5+ Ke7 28. b7 1-0

[Event "AUTO-INT-3944"]
[Site "http://www.queenalice.com/game.php?id=1862985"]
[Date "2025.9.13"]
[Round "1"]
[White "nuzera"]
[Black "Anusha"]
[Result "0-1"]
[WhiteElo "1398"]
[BlackElo "1890"]

1. e4 c5 2. Qh5 d6 3. Bb5+ Bd7 4. Bc4 e6 5. Nf3 Nf6 6. Qh4 Be7 7. Bd3 Nc6 8. Qg3
e5 9. Nc3 O-O 10. a3 Nh5 11. Nd5 Nxg3 12. hxg3 a6 13. c3 b5 14. O-O Be6 15. Ne3
Rb8 16. a4 h6 17. axb5 axb5 18. Ra6 Rb6 19. Ra3 Qd7 20. c4 bxc4 21. Nxc4 Rbb8
22. Ra6 Nb4 23. Nb6 Qb7 24. Ra3 Qxb6 25. Be2 Qc6 0-1

[Event "AUTO-INT-3947"]
[Site "http://www.queenalice.com/game.php?id=1864154"]
[Date "2025.10.13"]
[Round "1"]
[White "Carlos19"]
[Black "nuzera"]
[Result "1-0"]
[WhiteElo "1567"]
[BlackElo "1385"]

1. e4 e5 2. Nf3 Nc6 3. Bc4 Nd4 4. Nxd4 exd4 5. Qf3 Qe7 6. d3 Nf6 7. Bg5 Qb4+ 8.
c3 Qxb2 9. Bxf6 Qxa1 10. Qd1 gxf6 11. cxd4 Qxd4 12. O-O Qe5 13. f4 Qd4+ 14. Kh1
h5 15. f5 h4 16. h3 Bd6 17. Qb3 Qe5 18. Kg1 Qh2+ 19. Kf2 Bc5+ 20. Kf3 Qg3+ 21.
Ke2 Qxg2+ 22. Ke1 Qxh3 23. Bxf7+ Kf8 24. Bg6 Kg7 25. Qf7+ Kh6 26. Qxf6 1-0

[Event "AUTO-INT-3947"]
[Site "http://www.queenalice.com/game.php?id=1864155"]
[Date "2025.10.13"]
[Round "1"]
[White "nuzera"]
[Black "Carlos19"]
[Result "0-1"]
[WhiteElo "1376"]
[BlackElo "1576"]

1. e4 e5 2. Nf3 Nc6 3. Bb5 Bd6 4. Bxc6 dxc6 5. d4 Bg4 6. dxe5 Bxf3 7. Qxf3 Bxe5
8. O-O Nf6 9. Rd1 Qe7 10. Nd2 h5 11. Nc4 b5 12. Na5 Qe6 13. Qe3 Ng4 14. Qc5 Rd8
15. Rxd8+ Kxd8 16. Qxa7 Ke7 17. f4 Bd6 18. Nxc6+ Kf6 19. Qd4+ Ne5 20. f5 Qc4 21.
Qe3 Bc5 22. Nxe5 Bxe3+ 23. Bxe3 Qxc2 24. Bd4 Qxe4 25. Rd1 Qxf5 0-1

[Event "AUTO-INT-3947"]
[Site "http://www.queenalice.com/game.php?id=1864174"]
[Date "2025.10.13"]
[Round "1"]
[White "nuzera"]
[Black "caradepau"]
[Result "0-1"]
[WhiteElo "1363"]
[BlackElo "1649"]

1. e4 e5 2. Nf3 Nc6 3. Bb5 Nge7 4. O-O a6 5. Bc4 h6 6. Qe2 g5 7. Nc3 Ng6 8. g3
Nb4 9. d3 Bc5 10. a3 Nc6 11. b4 Ba7 12. b5 Na5 13. d4 d6 14. dxe5 dxe5 15. bxa6
Bh3 16. Rd1 Qf6 17. Nb5 Qe7 18. Nxa7 Rxa7 19. Bb2 Nxc4 20. Qxc4 Qf6 21. Qxc7
Qxf3 0-1

[Event "AUTO-INT-3947"]
[Site "http://www.queenalice.com/game.php?id=1864175"]
[Date "2025.10.13"]
[Round "1"]
[White "caradepau"]
[Black "nuzera"]
[Result "1-0"]
[WhiteElo "1654"]
[BlackElo "1358"]

1. e4 d5 2. e5 Nc6 3. d4 f6 4. Nf3 Bg4 5. Nc3 Bxf3 6. Qxf3 Nxd4 7. Qd1 fxe5 8.
Be2 h6 9. Be3 Nxe2 10. Nxe2 Nf6 11. h3 d4 12. Bd2 d3 13. Nc3 c6 14. cxd3 Qxd3
15. Qe2 Qg6 16. O-O Qf5 17. a3 g5 18. b4 h5 19. b5 Qe6 20. Bxg5 Nd5 21. Nxd5 1-0